Catàleg del Col·legi de Periodistes de Catalunya

Butlletí d'informació sobre l'audiovisual a Catalunya (BIAC) (Registre núm. 7647)

000 -CABECERA
Longitud fija campo de control 01283nmm a2200337 a 4500
001 - NÚMERO DE CONTROL
Número de control 991036381089706706
003 - IDENTIFICADOR DEL NÚMERO DE CONTROL
Identificador del número de control OSt
005 - FECHA Y HORA DE LA ÚLTIMA TRANSACCIÓN
Fecha y hora de la última transacción 20220217142805.0
007 - CAMPO FIJO DE DESCRIPCIÓN FÍSICA
Campo fijo de descripción f&íacute;sica cr |||||||||||
008 - CÓDIGOS DE INFORMACIÓN DE LONGITUD FIJA
Códigos de información de longitud fija 150804c20159999spc f | 000 0 cat|c
035 ## - NÚMERO DE CONTROL DEL SISTEMA
Número de control del sistema (ES-BaCBU).b68952387
040 ## - FUENTE DE LA CATALOGACIÓN
Centro catalogador de origen ES-BaCBU
Lengua de catalogación cat
Centro transcriptor CDMR
043 ## - CÓDIGO DE ÁREA GEOGRÁFICA
Código de área geográfica e-sp---
Código local GAC e-spc--
Fuente del código local catmarc
245 00 - MENCIÓN DE TÍTULO
Título Butlletí d'informació sobre l'audiovisual a Catalunya (BIAC)
Medio [Recurs electrònic]
260 ## - PUBLICACIÓN, DISTRIBUCIÓN, ETC. (PIE DE IMPRENTA)
Lugar de publicación, distribución, etc. [Barcelona] :
Nombre del editor, distribuidor, etc. Consell Audiovisual de Catalunya,
Fecha de publicación, distribución, etc. 2015-
300 ## - DESCRIPCIÓN FÍSICA
Extensión 1 recurs electrònic
310 ## - PERIODICIDAD ACTUAL
Periodicidad actual Quadrimestral
362 0# - FECHAS DE PUBLICACIÓN Y/O DESIGNACIÓN SECUENCIAL
Fecha de publicación y/o designación secuencial Núm.1 (maig 2015)-
500 ## - NOTA GENERAL
Nota general Títol obtingut de la pantalla inicial
538 ## - NOTA DE DETALLES DEL SISITEMA
Nota de detalles del sistema Recurs electrònic en format PDF
650 #7 - PUNTO DE ACCESO ADICIONAL DE MATERIA - TÉRMINO DE MATERIA
Término de materia o nombre geográfico como elemento inicial Indústria audiovisual
Subdivisión geográfica Catalunya.
Subdivisión de materia general Revistes electròniques
Fuente del encabezamiento o término lemac
650 #7 - PUNTO DE ACCESO ADICIONAL DE MATERIA - TÉRMINO DE MATERIA
Término de materia o nombre geográfico como elemento inicial Indústria de la televisió
Subdivisión geográfica Catalunya.
Fuente del encabezamiento o término lemac
650 #7 - PUNTO DE ACCESO ADICIONAL DE MATERIA - TÉRMINO DE MATERIA
Término de materia o nombre geográfico como elemento inicial Internet
Subdivisión geográfica Catalunya.
Fuente del encabezamiento o término lemac
650 #7 - PUNTO DE ACCESO ADICIONAL DE MATERIA - TÉRMINO DE MATERIA
Término de materia o nombre geográfico como elemento inicial Publicitat
Subdivisión geográfica Catalunya.
Fuente del encabezamiento o término lemac
650 #7 - PUNTO DE ACCESO ADICIONAL DE MATERIA - TÉRMINO DE MATERIA
Término de materia o nombre geográfico como elemento inicial Ràdio
Subdivisión geográfica Catalunya.
Fuente del encabezamiento o término lemac
710 2# - PUNTO DE ACCESO ADICIONAL - NOMBRE DE ENTIDAD
Nombre de entidad o nombre de jurisdicción como elemento inicial Consell de l'Audiovisual de Catalunya.
856 4# - LOCALIZACIÓN Y ACCESO ELECTRÓNICO
Nota pública Accés lliure
Identificador Uniforme del Recurso (URI) <a href="https://www.cac.cat/acords-recerca/biac-%28-informes-del-sector-quadrimestrals-%29">https://www.cac.cat/acords-recerca/biac-%28-informes-del-sector-quadrimestrals-%29</a>
907 ## - ELEMENTO G DATOS LOCALES, GDL (RLIN)
a .b68952387
b 21-06-21
c 05-04-17
d 05-04-17
e m
f m
g -
h cat
i spc
j 0
k 1
908 ## - CONTROL DE PAR&Aacute;METROS (RLIN)
Parametro de comando lanzado GCCult
942 ## - ENTRADA DE ELEMENTOS AGREGADOS (KOHA)
Fuente de clasificaión o esquema
Koha [por defecto] tipo de item Publicacions periòdiques en línia

No hi ha exemplars disponibles.

Implantat amb Koha